[Event "Florianopolis op 9th"]
[Site "Florianopolis"]
[Date "2023.01.28"]
[Round "8"]
[White "Carmo, Jose Arlindo"]
[Black "Sombrio, Otto de Henrique"]
[Result "1/2-1/2"]
[WhiteElo "1562"]
[BlackElo "1239"]
[PlyCount "59"]
[EventDate "2023.01.23"]
[EventType "swiss"]
[EventRounds "10"]
[EventCountry "BRA"]
[SourceTitle "CBM 212 Extra"]
[Source "ChessBase"]
[SourceDate "2023.03.31"]
[SourceVersion "1"]
[SourceVersionDate "2023.03.31"]
[SourceQuality "1"]

1. e4 c5 2. Nf3 d6 3. d4 cxd4 4. Nxd4 Nf6 5. Nc3 Nc6 6. Be2 e5 7. Ndb5 a6 8. Na3 b5 9. Nd5 Be7 10. Be3 0-0 11. Nb6 Rb8 12. Nxc8 Rxc8 13. f3 Qc7 14. c3 Rfd8 15. c4 b4 16. Nc2 a5 17. 0-0 Nd7 18. b3 Nc5 19. Qd2 Bf6 20. Rad1 Qe7 21. Rf2 Ne6 22. g4 Bg5 23. Bxg5 Qxg5 24. Qxg5 Nxg5 25. Kg2 Ne6 26. Kg3 Ncd4 27. Rd2 Ra8 28. Bd1 Rd7 29. h4 Nc6 30. g5 1/2-1/2

[Event "Criciuma op"]
[Site "Criciuma"]
[Date "2023.01.15"]
[Round "3"]
[White "Dos Santos, Nicoly Guilherme"]
[Black "Sombrio, Otto de Henrique"]
[Result "1-0"]
[WhiteElo "1729"]
[BlackElo "1239"]
[PlyCount "63"]
[EventDate "2023.01.13"]
[EventType "swiss"]
[EventRounds "9"]
[EventCountry "BRA"]
[SourceTitle "CBM 212 Extra"]
[Source "ChessBase"]
[SourceDate "2023.03.31"]
[SourceVersion "1"]
[SourceVersionDate "2023.03.31"]
[SourceQuality "1"]

1. e4 c5 2. Nf3 d6 3. Bc4 Nf6 4. Nc3 e6 5. 0-0 Nc6 6. a3 Be7 7. d3 0-0 8. Be3 d5 9. e5 d4 10. exf6 Bxf6 11. Bxd4 cxd4 12. Ne2 b6 13. Ng3 Bb7 14. Qd2 Na5 15. Qf4 Nxc4 16. dxc4 Bxf3 17. Qxf3 Qc7 18. b3 d3 19. Ra2 dxc2 20. Rxc2 Rad8 21. b4 Rd7 22. c5 Rfd8 23. Ne4 Be7 24. Rc3 f5 25. cxb6 Qxb6 26. Ng3 Rd4 27. Rc6 Qb7 28. Rxe6 Qxf3 29. gxf3 Kf7 30. Ra6 R8d7 31. Nxf5 Rd3 32. Re1 1-0